Roman Catholicism / (Record no. 1855)
[ view plain ]
| 000 -LEADER | |
|---|---|
| fixed length control field | 01548cam a2200361Ma 4500 |
| 001 - CONTROL NUMBER | |
| control field | 454697 |
| 003 - CONTROL NUMBER IDENTIFIER | |
| control field | GBCCL |
| 005 - DATE AND TIME OF LATEST TRANSACTION | |
| control field | 20241126110411.0 |
| 008 - FIXED-LENGTH DATA ELEMENTS--GENERAL INFORMATION | |
| fixed length control field | 890427r19621977nju 001 0 eng d |
| 035 ## - SYSTEM CONTROL NUMBER | |
| System control number | (OCoLC)ocn220594902 |
| 035 ## - SYSTEM CONTROL NUMBER | |
| System control number | (OCoLC)220594902 |
| 040 ## - CATALOGING SOURCE | |
| Original cataloging agency | AU@ |
| Language of cataloging | eng |
| Transcribing agency | AU@ |
| Modifying agency | OCLCQ |
| -- | UWW |
| -- | Y@Z |
| -- | OCLCO |
| -- | CIRBC |
| -- | OCLCO |
| -- | LBB |
| 049 ## - | |
| -- | LBBA |
| 050 #4 - | |
| -- | BX1765.2 |
| -- | .B63 1962 |
| 082 04 - DEWEY DECIMAL CLASSIFICATION NUMBER | |
| Classification number | 230.042 |
| Item number | BOE |
| 090 ## - LOCALLY ASSIGNED LC-TYPE CALL NUMBER (OCLC); LOCAL CALL NUMBER (RLIN) | |
| Classification number (OCLC) (R) ; Classification number, CALL (RLIN) (NR) | BX1765.2 |
| Local cutter number (OCLC) ; Book number/undivided call number, CALL (RLIN) | .B63 1977 |
| 100 1# - MAIN ENTRY--PERSONAL NAME | |
| Personal name | Boettner, Loraine, |
| Dates associated with a name | 1901-1990. |
| 9 (RLIN) | 2081 |
| 245 10 - TITLE STATEMENT | |
| Title | Roman Catholicism / |
| Statement of responsibility, etc. | by Loraine Boettner. |
| 250 ## - EDITION STATEMENT | |
| Edition statement | Rev. ed. |
| 260 ## - PUBLICATION, DISTRIBUTION, ETC. | |
| Place of publication, distribution, etc. | Philadelphia : |
| Name of publisher, distributor, etc. | Presbyterian and Reformed Pub. Co., |
| Date of publication, distribution, etc. | 1973, c1962. |
| 300 ## - PHYSICAL DESCRIPTION | |
| Extent | xii, 466 p. ; |
| Dimensions | 25 cm. |
| 336 ## - CONTENT TYPE | |
| Content type term | text |
| Content type code | txt |
| Source | rdacontent |
| 337 ## - MEDIA TYPE | |
| Media type term | unmediated |
| Media type code | n |
| Source | rdamedia |
| 338 ## - CARRIER TYPE | |
| Carrier type term | volume |
| Carrier type code | nc |
| Source | rdacarrier |
| 500 ## - GENERAL NOTE | |
| General note | Includes indexes. |
| 505 00 - FORMATTED CONTENTS NOTE | |
| Title | The church -- |
| -- | The priesthood -- |
| -- | Tradition -- |
| -- | Peter -- |
| -- | The papacy -- |
| -- | Mary -- |
| -- | The Mass -- |
| -- | The confessional -- |
| -- | Purgatory -- |
| -- | The infallibility of the pope -- |
| -- | Penance, indulgences--salvation by grace or by works? -- |
| -- | Ritualism -- |
| -- | Celibacy -- |
| -- | Marriage -- |
| -- | The parochial school -- |
| -- | By what moral standard? -- |
| -- | Intolerance, bigotry, persecution -- |
| -- | A system tested by its fruits. |
| 610 20 - SUBJECT ADDED ENTRY--CORPORATE NAME | |
| Corporate name or jurisdiction name as entry element | Catholic Church |
| General subdivision | Controversial works |
| Form subdivision | Protestant authors. |
| 9 (RLIN) | 3873 |
| 610 20 - SUBJECT ADDED ENTRY--CORPORATE NAME | |
| Corporate name or jurisdiction name as entry element | Catholic Church. |
| 9 (RLIN) | 3874 |
| 610 20 - SUBJECT ADDED ENTRY--CORPORATE NAME | |
| Corporate name or jurisdiction name as entry element | Catholic Church |
| General subdivision | Doctrines |
| -- | History. |
| 9 (RLIN) | 3875 |
| 650 #7 - SUBJECT ADDED ENTRY--TOPICAL TERM | |
| Topical term or geographic name entry element | �Eglise catholique. |
| Source of heading or term | ram |
| 9 (RLIN) | 3876 |
| 650 #0 - SUBJECT ADDED ENTRY--TOPICAL TERM | |
| Topical term or geographic name entry element | Catholic Church |
| General subdivision | Doctrines. |
| 9 (RLIN) | 3877 |
| 942 ## - ADDED ENTRY ELEMENTS (KOHA) | |
| Source of classification or shelving scheme | Dewey Decimal Classification |
| Koha item type | Books |
| Koha issues (borrowed), all copies | 30 |
| Withdrawn status | Lost status | Source of classification or shelving scheme | Damaged status | Not for loan | Home library | Current Library | Shelving location | Date acquired | Total checkouts | Total renewals | Full call number | Barcode | Date last seen | Date last checked out | Copy number | Price effective from | Koha item type |
|---|---|---|---|---|---|---|---|---|---|---|---|---|---|---|---|---|---|
| Dewey Decimal Classification | GRACE BIBLE COLLEGE | GRACE BIBLE COLLEGE | Theology | 2017-05-30 | 18 | 1 | 230.042 BOE | 000314 | 2025-05-01 | 2024-02-27 | c.2 | 2017-05-30 | Books | ||||
| Dewey Decimal Classification | GRACE BIBLE COLLEGE | GRACE BIBLE COLLEGE | Theology | 2017-06-05 | 12 | 1 | 230.042 BOE | 000313 | 2025-05-01 | 2024-11-21 | c.1 | 2017-06-05 | Books |